Calculus and Analytic Geometry / (Record no. 182001)
[ view plain ]
| 000 -LEADER | |
|---|---|
| fixed length control field | 00801 a2200193 4500 |
| 003 - CONTROL NUMBER IDENTIFIER | |
| control field | Nust |
| 005 - DATE AND TIME OF LATEST TRANSACTION | |
| control field | 20221121102304.0 |
| 020 ## - INTERNATIONAL STANDARD BOOK NUMBER | |
| International Standard Book Number | 0822017121 |
| 040 ## - CATALOGING SOURCE | |
| Transcribing agency | Nust |
| 082 ## - DEWEY DECIMAL CLASSIFICATION NUMBER | |
| Classification number | 515.353,NIE |
| 100 ## - MAIN ENTRY--PERSONAL NAME | |
| Personal name | Nielsen Kaj L |
| 9 (RLIN) | 39242 |
| 245 ## - TITLE STATEMENT | |
| Title | Calculus and Analytic Geometry / |
| Statement of responsibility, etc. | Nielsen Kaj L |
| 260 ## - PUBLICATION, DISTRIBUTION, ETC. | |
| Place of publication, distribution, etc. | Lincoln |
| Name of publisher, distributor, etc. | Cliffs Notes |
| Date of publication, distribution, etc. | 1970 |
| 300 ## - PHYSICAL DESCRIPTION | |
| Extent | 170p |
| 505 ## - FORMATTED CONTENTS NOTE | |
| Formatted contents note | Review Of Algebra (Page-1), Functions, Limits, Continuity (Page-7), Applications Of The Derivative (Page-25), Trigonometric Functions (Page-49), The Conics (Page-61), Polar Coordinates (Page-85), Method Of Integrations (Page-103), Series (Page-121), Solid Analytic Geometry (Page-127), Partial Differentiation (Page-139). |
| 600 ## - SUBJECT ADDED ENTRY--PERSONAL NAME | |
| Personal name | Kaj L Nielsen |
| 9 (RLIN) | 103236 |
| 650 ## - SUBJECT ADDED ENTRY--TOPICAL TERM | |
| Topical term or geographic name entry element | Analytic Geometry |
| 9 (RLIN) | 103237 |
| 942 ## - ADDED ENTRY ELEMENTS (KOHA) | |
| Source of classification or shelving scheme | |
| Koha item type | Book |
| Call number prefix | 515.353,NIE |
| Withdrawn status | Lost status | Source of classification or shelving scheme | Damaged status | Not for loan | Permanent Location | Current Location | Shelving location | Date acquired | Full call number | Barcode | Date last seen | Price effective from | Koha item type | Public note |
|---|---|---|---|---|---|---|---|---|---|---|---|---|---|---|
| Military College of Signals (MCS) | Military College of Signals (MCS) | General Stacks | 12/12/2016 | 515.35,NIE | MCS7140 | 12/08/2016 | 12/12/2016 | Book | Almirah No.13, Shelf No.4 |
